| 000 | 00578cam a2200193 a 4500 | ||
|---|---|---|---|
| 003 | OSt | ||
| 005 | 20260423153307.0 | ||
| 008 | 990401s1999 ii b 001 0 eng | ||
| 020 | _a8185054398 | ||
| 040 |
_cHDL _beng |
||
| 082 | _a294.5514 N2 | ||
| 245 | 1 | 0 |
_aHistory of the Tantric religion : _ban historical, ritualistic, and philosophical study / _cN.N. Bhattacharyya. |
| 250 | _a2nd rev. ed. | ||
| 260 |
_aNew Delhi : _bManohar Publishers & Distributors, _c1992. |
||
| 300 | _a483 p. | ||
| 650 | 0 |
_aTantrism _xHistory. |
|
| 942 |
_2CC _cTEXL _n0 |
||
| 999 |
_c1848442 _d1848442 |
||